Progressively Harder LOTR Characters Quiz Stats

 Plays Quiz Updated Feb 20, 2016

Challenge
Share
Tweet
Score 0/40 Timer 10:00
8 Plays Today
% Correct
Frodo Baggins
99.7%
Samwise Gamgee
98.6%
Gandalf the Grey
98.4%
Bilbo Baggins
97.1%
Legolas
96.7%
Gollum
96.5%
Aragorn
94.3%
Peregrin Took
93.9%
Gimli
93.1%
Meriadoc Brandybuck
92.4%
Boromir
90.5%
Sauron
89.3%
Saruman the White
87.1%
Faramir
84.1%
Treebeard
81.3%
Galadriel
80.2%
Nazgûl
79.4%
Elrond
77.7%
Gríma Wormtongue
77.2%
Arwen
77.2%
% Correct
Shadowfax
76.2%
Durin's Bane
75.4%
Cave-troll
72%
Éowyn
71%
Witch-king of Angmar
69.6%
Shelob
68.5%
Théoden
67%
Éomer
62.4%
Rosie Cotton
62.3%
Denethor II
56.2%
Isildur
55.8%
Déagol
53.1%
Celeborn
42.8%
Haldir
38.3%
King of the Dead
35.7%
Lurtz
29.2%
Watcher in the Water
28.5%
Elendil
23.9%
Gothmog
18.4%
Figwit
18%

You're not logged in!

Compare scores with friends on all Sporcle quizzes.
Join for Free
OR
Log In

You Might Also Like...

Show Comments

Extras

Top Quizzes Today


Score Distribution

Your Account Isn't Verified!

In order to create a playlist on Sporcle, you need to verify the email address you used during registration. Go to your Sporcle Settings to finish the process.

Report this User

Report this user for behavior that violates our Community Guidelines.

Details: